Thế giới khoa học giao thông và kiến trúc

Αποθηκεύτηκε σε:
Λεπτομέρειες βιβλιογραφικής εγγραφής
Κύριος συγγραφέας: Chu Chiếu Hoằng
Μορφή: Βιβλίο
Γλώσσα:Undetermined
Έκδοση: H. VHTT 2003
Θέματα:
Ετικέτες: Προσθήκη ετικέτας
Δεν υπάρχουν, Καταχωρήστε ετικέτα πρώτοι!
Thư viện lưu trữ: Trung tâm Học liệu Trường Đại học Cần Thơ
LEADER 00597nam a2200181Ia 4500
001 CTU_56826
008 210402s9999 xx 000 0 und d
020 |b 45000 
082 |a 720 
082 |b H416 
100 |a Chu Chiếu Hoằng 
245 0 |a Thế giới khoa học giao thông và kiến trúc 
245 0 |c Chu Chiếu Hoằng và Thẩm Phúc Húc; Nguyễn Viết Chi biên dịch 
260 |a H. 
260 |b VHTT 
260 |c 2003 
650 |a knowledge,architecture,communication and traffic 
980 |a Trung tâm Học liệu Trường Đại học Cần Thơ